00608nam a2200169 a 4500008004100000050001500041100001800056245012200074260004000196300002200236362003400258500001700292650004000309650003400349650002700383650002800410140128s2013 ||||||||||||||||| || u aTHESIS/KAB aKabuka, Bruce10aStudy of the defect liability period under the design-bid-build contracts for public works in Zambiacby Bruce Kabuka aKitwe:bCopperbelt Universityc2013 axiii, 129p.: ill.1 a
Msc Project Management
aBibliography aDESIGN-BID-BUILD PROCUREMENT SYSTEM aCONSTRUCTION INDUSTRY--ZAMBIA 0aCONSTRUCTION CONTRACTS aDEFECT LIABILITY PERIOD